Középiskolai KISZ vezetők munkájának értékelése

Elmentve itt :
Bibliográfiai részletek
Szerző: Vég Jánosné
További közreműködők: Kékes Szabó Mihály (Témavezető)
Dokumentumtípus: Szakdolgozat
Megjelent: 1985
Tárgyszavak:
Online Access:http://diploma.bibl.u-szeged.hu/55448
LEADER 00559nta a2200157 i 4500
001 dipl55448
005 20160518145526.0
008 160205s1985 hu om 0|| hun d
040 |a SZTE Diploma Repozitórium  |b hun 
041 |a hun 
100 1 |a Vég Jánosné 
245 1 0 |a Középiskolai KISZ vezetők munkájának értékelése  |h [elektronikus dokumentum] /  |c Jánosné Vég 
260 |c 1985 
650 4 |a Bölcsészettudományok 
700 2 |a Kékes Szabó Mihály  |e ths 
856 4 0 |u http://diploma.bibl.u-szeged.hu/id/eprint/55448/1/1985_veg_janosne.pdf  |z Dokumentum-elérés